[Event "DEM U16 2024"]
[Site "Willingen GER"]
[Date "2024.05.24"]
[Round "8"]
[White "Haubold, Christian"]
[Black "Sauer, Tim"]
[Result "0-1"]
[Termination "normal"]
[Board "2"]
[WhiteElo "2051"]
[BlackElo "2053"]
[WhiteClock "00:00:39"]
[BlackClock "00:01:27"]
[PlyCount "176"]
[WhiteFideId "16259629"]
[BlackFideId "16265726"]
[EventCountry "GER"]
[EventRounds "9"]
[EventType "swiss"]
[EventDate "2024.05.18"]

1. e4 {[%clk 01:30:57]} {[%emt 00:00:03]} c5 {[%clk 01:30:51]} {[%emt
00:00:10]} 2. Nf3 {[%clk 01:31:14]} {[%emt 00:00:12]} Nf6 {[%clk 01:30:28]}
{[%emt 00:00:53]} 3. Nc3 {[%clk 01:27:34]} {[%emt 00:04:11]} d5 {[%clk
01:28:54]} {[%emt 00:02:04]} 4. exd5 {[%clk 01:19:55]} {[%emt 00:08:09]} Nxd5
{[%clk 01:29:16]} {[%emt 00:00:08]} 5. Bc4 {[%clk 01:13:01]} {[%emt 00:07:24]}
Nb6 {[%clk 01:20:00]} {[%emt 00:09:45]} 6. Bb5+ {[%clk 00:59:54]} {[%emt
00:13:37]} Bd7 {[%clk 01:19:10]} {[%emt 00:01:21]} 7. Ne5 {[%clk 00:52:03]}
{[%emt 00:08:21]} Bxb5 {[%clk 01:00:22]} {[%emt 00:19:17]} 8. Nxb5 {[%clk
00:51:39]} {[%emt 00:00:54]} N8d7 {[%clk 01:00:45]} {[%emt 00:00:08]} 9. Qe2
{[%clk 00:50:00]} {[%emt 00:02:09]} e6 {[%clk 00:39:55]} {[%emt 00:21:19]} 10.
O-O {[%clk 00:42:56]} {[%emt 00:07:34]} a6 {[%clk 00:39:30]} {[%emt 00:00:57]}
11. Nc3 {[%clk 00:42:00]} {[%emt 00:01:25]} Qc7 {[%clk 00:35:58]} {[%emt
00:04:01]} 12. Nxd7 {[%clk 00:39:50]} {[%emt 00:02:40]} Nxd7 {[%clk 00:36:23]}
{[%emt 00:00:05]} 13. d3 {[%clk 00:39:29]} {[%emt 00:00:51]} Bd6 {[%clk
00:35:59]} {[%emt 00:00:54]} 14. f4 {[%clk 00:36:12]} {[%emt 00:03:46]} O-O-O
{[%clk 00:25:07]} {[%emt 00:11:24]} 15. Ne4 {[%clk 00:34:11]} {[%emt 00:02:31]}
Nf6 {[%clk 00:23:44]} {[%emt 00:01:53]} 16. a3 {[%clk 00:32:02]} {[%emt
00:02:39]} Nd5 {[%clk 00:22:00]} {[%emt 00:02:14]} 17. Nxd6+ {[%clk 00:31:19]}
{[%emt 00:01:13]} Qxd6 {[%clk 00:22:26]} {[%emt 00:00:03]} 18. Bd2 {[%clk
00:30:22]} {[%emt 00:01:26]} Rhe8 {[%clk 00:21:25]} {[%emt 00:01:32]} 19. b4
{[%clk 00:22:03]} {[%emt 00:08:49]} cxb4 {[%clk 00:20:16]} {[%emt 00:01:40]}
20. axb4 {[%clk 00:22:13]} {[%emt 00:00:19]} Nxb4 {[%clk 00:19:48]} {[%emt
00:00:58]} 21. Qe4 {[%clk 00:19:48]} {[%emt 00:02:55]} Nc6 {[%clk 00:19:43]}
{[%emt 00:00:36]} 22. Be3 {[%clk 00:18:18]} {[%emt 00:01:59]} f5 {[%clk
00:13:14]} {[%emt 00:07:00]} 23. Qc4 {[%clk 00:16:09]} {[%emt 00:02:39]} Qd5
{[%clk 00:13:30]} {[%emt 00:00:14]} 24. Qa4 {[%clk 00:16:27]} {[%emt 00:00:11]}
Rd7 {[%clk 00:12:14]} {[%emt 00:01:46]} 25. Rfb1 {[%clk 00:12:47]} {[%emt
00:04:10]} e5 {[%clk 00:11:53]} {[%emt 00:00:52]} 26. Rb6 {[%clk 00:09:13]}
{[%emt 00:04:04]} exf4 {[%clk 00:08:50]} {[%emt 00:03:32]} 27. Bf2 {[%clk
00:09:33]} {[%emt 00:00:09]} Re6 {[%clk 00:00:48]} {[%emt 00:08:33]} 28. Qxf4
{[%clk 00:07:03]} {[%emt 00:03:00]} Rg6 {[%clk 00:00:47]} {[%emt 00:00:31]} 29.
g3 {[%clk 00:06:08]} {[%emt 00:01:25]} Ne5 {[%clk 00:00:35]} {[%emt 00:00:41]}
30. Rxg6 {[%clk 00:01:49]} {[%emt 00:04:50]} Nf3+ {[%clk 00:00:35]} {[%emt
00:00:31]} 31. Kg2 {[%clk 00:00:48]} {[%emt 00:01:30]} Nh4+ {[%clk 00:00:35]}
{[%emt 00:00:30]} 32. Kh3 {[%clk 00:00:47]} {[%emt 00:00:32]} Nxg6 {[%clk
00:00:35]} {[%emt 00:00:29]} 33. Qe3 {[%clk 00:00:32]} {[%emt 00:00:45]} f4
{[%clk 00:00:32]} {[%emt 00:00:33]} 34. gxf4 {[%clk 00:00:34]} {[%emt
00:00:28]} Qh5+ {[%clk 00:00:37]} {[%emt 00:00:25]} 35. Kg2 {[%clk 00:00:45]}
{[%emt 00:00:19]} Qg4+ {[%clk 00:00:39]} {[%emt 00:00:28]} 36. Kh1 {[%clk
00:00:35]} {[%emt 00:00:40]} Qf5 {[%clk 00:00:33]} {[%emt 00:00:37]} 37. Re1
{[%clk 00:00:35]} {[%emt 00:00:29]} Re7 {[%clk 00:00:46]} {[%emt 00:00:16]} 38.
Qa7 {[%clk 00:00:36]} {[%emt 00:00:30]} Rxe1+ {[%clk 00:00:54]} {[%emt
00:00:23]} 39. Bxe1 {[%clk 00:01:04]} Qd5+ {[%clk 00:00:59]} {[%emt 00:00:25]}
40. Kg1 {[%clk 00:01:25]} {[%emt 00:00:10]} Nxf4 {[%clk 00:01:14]} {[%emt
00:00:14]} 41. Qa8+ {[%clk 00:24:32]} {[%emt 00:07:22]} Kc7 {[%clk 00:30:07]}
{[%emt 00:01:38]} 42. Kf2 {[%clk 00:17:38]} {[%emt 00:07:24]} Qg2+ {[%clk
00:26:11]} {[%emt 00:04:25]} 43. Ke3 {[%clk 00:18:02]} {[%emt 00:00:06]} Qe2+
{[%clk 00:19:52]} {[%emt 00:06:50]} 44. Kxf4 {[%clk 00:18:21]} {[%emt
00:00:11]} Qf1+ {[%clk 00:13:44]} {[%emt 00:06:38]} 45. Kg4 {[%clk 00:15:25]}
{[%emt 00:03:26]} Qxe1 {[%clk 00:14:08]} {[%emt 00:00:06]} 46. Qg8 {[%clk
00:13:22]} {[%emt 00:02:31]} Qe2+ {[%clk 00:13:32]} {[%emt 00:01:08]} 47. Kg3
{[%clk 00:12:57]} {[%emt 00:00:51]} Qe5+ {[%clk 00:13:40]} {[%emt 00:00:25]}
48. Kg2 {[%clk 00:12:47]} {[%emt 00:00:40]} Qg5+ {[%clk 00:13:44]} {[%emt
00:00:26]} 49. Kf3 {[%clk 00:11:59]} {[%emt 00:01:17]} Qf5+ {[%clk 00:12:41]}
{[%emt 00:01:33]} 50. Kg3 {[%clk 00:11:46]} {[%emt 00:00:45]} Qg6+ {[%clk
00:12:05]} {[%emt 00:01:06]} 51. Kf3 {[%clk 00:10:49]} {[%emt 00:01:26]} Qf6+
{[%clk 00:12:13]} {[%emt 00:00:22]} 52. Kg3 {[%clk 00:10:19]} {[%emt 00:01:00]}
h5 {[%clk 00:12:08]} {[%emt 00:00:36]} 53. Qc4+ {[%clk 00:09:16]} {[%emt
00:01:33]} Kb8 {[%clk 00:11:52]} {[%emt 00:00:45]} 54. Qd5 {[%clk 00:06:34]}
{[%emt 00:03:12]} g5 {[%clk 00:06:12]} {[%emt 00:06:11]} 55. c4 {[%clk
00:04:54]} {[%emt 00:02:11]} Qf4+ {[%clk 00:03:12]} {[%emt 00:03:29]} 56. Kg2
{[%clk 00:05:17]} {[%emt 00:00:07]} Qd2+ {[%clk 00:02:40]} {[%emt 00:01:02]}
57. Kg1 {[%clk 00:04:47]} {[%emt 00:01:00]} Qe3+ {[%clk 00:02:49]} {[%emt
00:00:21]} 58. Kg2 {[%clk 00:04:58]} {[%emt 00:00:18]} h4 {[%clk 00:02:43]}
{[%emt 00:00:37]} 59. c5 {[%clk 00:03:56]} {[%emt 00:01:33]} h3+ {[%clk
00:02:14]} {[%emt 00:00:58]} 60. Kf1 {[%clk 00:04:20]} {[%emt 00:00:06]} Qf4+
{[%clk 00:01:55]} {[%emt 00:00:49]} 61. Ke1 {[%clk 00:04:17]} {[%emt 00:00:33]}
Ka7 {[%clk 00:00:48]} {[%emt 00:01:37]} 62. Qe6 {[%clk 00:01:14]} {[%emt
00:03:33]} Qxh2 {[%clk 00:00:34]} {[%emt 00:00:45]} 63. Qb6+ {[%clk 00:01:31]}
{[%emt 00:00:12]} Ka8 {[%clk 00:00:59]} {[%emt 00:00:04]} 64. Qd8+ {[%clk
00:01:49]} {[%emt 00:00:13]} Qb8 {[%clk 00:01:25]} {[%emt 00:00:04]} 65. Qxg5
{[%clk 00:02:00]} {[%emt 00:00:19]} h2 {[%clk 00:01:35]} {[%emt 00:00:20]} 66.
Qh4 {[%clk 00:01:45]} {[%emt 00:00:46]} Qe5+ {[%clk 00:01:34]} {[%emt
00:00:31]} 67. Kd2 {[%clk 00:01:27]} {[%emt 00:00:48]} Qb2+ {[%clk 00:00:53]}
{[%emt 00:01:10]} 68. Ke3 {[%clk 00:01:09]} {[%emt 00:00:49]} Qc1+ {[%clk
00:00:46]} {[%emt 00:00:36]} 69. Kd4 {[%clk 00:01:00]} {[%emt 00:00:38]} Qa1+
{[%clk 00:00:42]} {[%emt 00:00:35]} 70. Ke3 {[%clk 00:00:49]} {[%emt 00:00:41]}
Qc1+ {[%clk 00:00:33]} {[%emt 00:00:39]} 71. Kd4 {[%clk 00:00:59]} {[%emt
00:00:20]} Qg1+ {[%clk 00:00:59]} {[%emt 00:00:03]} 72. Kc4 {[%clk 00:01:13]}
{[%emt 00:00:17]} Ka7 {[%clk 00:00:35]} {[%emt 00:00:54]} 73. Qh6 {[%clk
00:01:06]} {[%emt 00:00:36]} Qg3 {[%clk 00:00:35]} {[%emt 00:00:31]} 74. Qb6+
{[%clk 00:01:16]} {[%emt 00:00:19]} Ka8 {[%clk 00:01:04]} {[%emt 00:00:02]} 75.
Qd8+ {[%clk 00:01:40]} {[%emt 00:00:06]} Qb8 {[%clk 00:01:27]} {[%emt
00:00:07]} 76. Qh4 {[%clk 00:02:05]} {[%emt 00:00:05]} Qc7 {[%clk 00:01:07]}
{[%emt 00:00:51]} 77. Kb4 {[%clk 00:01:21]} {[%emt 00:01:13]} Ka7 {[%clk
00:01:01]} {[%emt 00:00:36]} 78. Qh6 {[%clk 00:00:48]} {[%emt 00:01:03]} a5+
{[%clk 00:00:42]} {[%emt 00:00:49]} 79. Kc4 {[%clk 00:00:55]} {[%emt 00:00:23]}
a4 {[%clk 00:00:36]} {[%emt 00:00:36]} 80. d4 {[%clk 00:00:35]} {[%emt
00:00:49]} a3 {[%clk 00:00:33]} {[%emt 00:00:34]} 81. Kb3 {[%clk 00:00:45]}
{[%emt 00:00:20]} Qg3+ {[%clk 00:00:35]} {[%emt 00:00:28]} 82. Ka2 {[%clk
00:00:37]} {[%emt 00:00:38]} Ka8 {[%clk 00:00:33]} {[%emt 00:00:31]} 83. Qh8+
{[%clk 00:00:51]} {[%emt 00:00:16]} Qb8 {[%clk 00:00:35]} {[%emt 00:00:29]} 84.
Qh3 {[%clk 00:01:06]} {[%emt 00:00:14]} Qg8+ {[%clk 00:00:39]} {[%emt
00:00:27]} 85. Kxa3 {[%clk 00:00:52]} {[%emt 00:00:44]} Qg1 {[%clk 00:00:35]}
{[%emt 00:00:33]} 86. Qc3 {[%clk 00:01:14]} {[%emt 00:00:08]} Kb8 {[%clk
00:00:43]} {[%emt 00:00:22]} 87. c6 {[%clk 00:00:32]} {[%emt 00:01:15]} h1=Q
{[%clk 00:01:00]} {[%emt 00:00:11]} 88. c7+ {[%clk 00:00:39]} {[%emt 00:00:23]}
Kc8 {[%clk 00:01:27]} {[%emt 00:00:03]} 0-1

[Event "DEM U16 2024"]
[Site "Willingen GER"]
[Date "2024.05.24"]
[Round "8"]
[White "Klaska, Philipp Leon"]
[Black "Deschler, Arne"]
[Result "1-0"]
[Termination "normal"]
[Board "3"]
[WhiteElo "2142"]
[BlackElo "1989"]
[WhiteClock "00:13:51"]
[BlackClock "00:42:23"]
[PlyCount "59"]
[WhiteFideId "16238044"]
[BlackFideId "16274415"]
[EventCountry "GER"]
[EventRounds "9"]
[EventType "swiss"]
[EventDate "2024.05.18"]

1. e4 {[%clk 01:30:51]} {[%emt 00:00:09]} c6 {[%clk 01:30:56]} {[%emt
00:00:05]} 2. d4 {[%clk 01:31:12]} {[%emt 00:00:08]} d5 {[%clk 01:31:23]}
{[%emt 00:00:04]} 3. Nc3 {[%clk 01:31:30]} {[%emt 00:00:10]} dxe4 {[%clk
01:31:50]} {[%emt 00:00:05]} 4. Nxe4 {[%clk 01:31:49]} {[%emt 00:00:10]} Bf5
{[%clk 01:32:17]} {[%emt 00:00:04]} 5. Ng3 {[%clk 01:32:07]} {[%emt 00:00:11]}
Bg6 {[%clk 01:32:43]} {[%emt 00:00:04]} 6. h4 {[%clk 01:32:20]} {[%emt
00:00:17]} h6 {[%clk 01:33:10]} {[%emt 00:00:03]} 7. Nf3 {[%clk 01:32:41]}
{[%emt 00:00:09]} Nd7 {[%clk 01:33:38]} {[%emt 00:00:02]} 8. h5 {[%clk
01:32:58]} {[%emt 00:00:12]} Bh7 {[%clk 01:34:07]} {[%emt 00:00:02]} 9. Bd3
{[%clk 01:33:05]} {[%emt 00:00:23]} Bxd3 {[%clk 01:34:34]} {[%emt 00:00:02]}
10. Qxd3 {[%clk 01:33:33]} {[%emt 00:00:03]} e6 {[%clk 01:34:58]} {[%emt
00:00:07]} 11. Bd2 {[%clk 01:31:05]} {[%emt 00:02:58]} Qc7 {[%clk 01:35:24]}
{[%emt 00:00:04]} 12. O-O-O {[%clk 01:29:53]} {[%emt 00:01:41]} O-O-O {[%clk
01:35:50]} {[%emt 00:00:05]} 13. Ne4 {[%clk 01:27:09]} {[%emt 00:03:13]} Ngf6
{[%clk 01:36:15]} {[%emt 00:00:05]} 14. g3 {[%clk 01:23:11]} {[%emt 00:04:28]}
Nc5 {[%clk 01:36:42]} {[%emt 00:00:03]} 15. Nxc5 {[%clk 01:23:04]} {[%emt
00:00:37]} Bxc5 {[%clk 01:37:11]} {[%emt 00:00:02]} 16. c4 {[%clk 01:13:48]}
{[%emt 00:09:46]} Qe7 {[%clk 01:37:39]} {[%emt 00:00:02]} 17. Bc3 {[%clk
00:51:22]} {[%emt 00:22:55]} Bb6 {[%clk 01:30:38]} {[%emt 00:07:32]} 18. Qe2
{[%clk 00:48:31]} {[%emt 00:03:20]} Rhe8 {[%clk 01:25:58]} {[%emt 00:05:10]}
19. Kb1 {[%clk 00:42:10]} {[%emt 00:06:52]} c5 {[%clk 01:13:26]} {[%emt
00:13:02]} 20. Ka1 {[%clk 00:32:08]} {[%emt 00:10:31]} cxd4 {[%clk 01:05:14]}
{[%emt 00:08:42]} 21. Nxd4 {[%clk 00:30:20]} {[%emt 00:02:18]} Rd7 {[%clk
01:04:29]} {[%emt 00:01:16]} 22. Nb3 {[%clk 00:25:34]} {[%emt 00:05:14]} Red8
{[%clk 01:02:22]} {[%emt 00:02:38]} 23. Rc1 {[%clk 00:24:27]} {[%emt 00:01:38]}
Kb8 {[%clk 00:56:38]} {[%emt 00:06:13]} 24. c5 {[%clk 00:23:46]} {[%emt
00:01:12]} Bc7 {[%clk 00:56:42]} {[%emt 00:00:26]} 25. Rh4 {[%clk 00:23:22]}
{[%emt 00:00:54]} Rd5 {[%clk 00:53:40]} {[%emt 00:03:32]} 26. Rb4 {[%clk
00:21:31]} {[%emt 00:02:17]} Ka8 {[%clk 00:50:24]} {[%emt 00:03:50]} 27. c6
{[%clk 00:16:38]} {[%emt 00:05:23]} b6 {[%clk 00:45:43]} {[%emt 00:05:10]} 28.
Qa6 {[%clk 00:15:43]} {[%emt 00:01:25]} Rb8 {[%clk 00:46:12]} 29. Ra4 {[%clk
00:14:29]} {[%emt 00:01:44]} Ra5 {[%clk 00:42:23]} {[%emt 00:04:19]} 30. Nxa5
{[%clk 00:13:51]} {[%emt 00:01:08]} 1-0

[Event "DEM U16 2024"]
[Site "Willingen GER"]
[Date "2024.05.24"]
[Round "8"]
[White "Lutze, Max"]
[Black "Strehse, Nelson"]
[Result "0-1"]
[Termination "normal"]
[Board "4"]
[WhiteElo "2054"]
[BlackElo "2156"]
[WhiteClock "00:05:17"]
[BlackClock "00:46:08"]
[PlyCount "78"]
[WhiteFideId "34614850"]
[BlackFideId "16228898"]
[EventCountry "GER"]
[EventRounds "9"]
[EventType "swiss"]
[EventDate "2024.05.18"]

1. Nf3 {[%clk 01:30:57]} {[%emt 00:00:02]} c5 {[%clk 01:30:53]} {[%emt
00:00:08]} 2. c4 {[%clk 01:30:21]} {[%emt 00:01:06]} Nf6 {[%clk 01:31:16]}
{[%emt 00:00:06]} 3. g3 {[%clk 01:29:52]} {[%emt 00:00:59]} Nc6 {[%clk
01:31:40]} {[%emt 00:00:06]} 4. Bg2 {[%clk 01:30:15]} {[%emt 00:00:07]} d5
{[%clk 01:32:05]} {[%emt 00:00:06]} 5. cxd5 {[%clk 01:29:54]} {[%emt 00:00:51]}
Nxd5 {[%clk 01:32:27]} {[%emt 00:00:07]} 6. Nc3 {[%clk 01:30:05]} {[%emt
00:00:19]} g6 {[%clk 01:32:49]} {[%emt 00:00:08]} 7. O-O {[%clk 01:15:36]}
{[%emt 00:14:59]} Bg7 {[%clk 01:33:11]} {[%emt 00:00:09]} 8. d3 {[%clk
01:09:33]} {[%emt 00:06:33]} O-O {[%clk 01:28:05]} {[%emt 00:05:36]} 9. Nxd5
{[%clk 01:02:49]} {[%emt 00:07:14]} Qxd5 {[%clk 01:28:02]} {[%emt 00:00:33]}
10. Be3 {[%clk 01:03:12]} {[%emt 00:00:07]} Bxb2 {[%clk 01:26:51]} {[%emt
00:01:41]} 11. Rb1 {[%clk 00:58:24]} {[%emt 00:05:18]} Bf6 {[%clk 01:27:06]}
{[%emt 00:00:14]} 12. Nd4 {[%clk 00:58:11]} {[%emt 00:00:43]} Qxa2 {[%clk
01:27:27]} {[%emt 00:00:09]} 13. Nxc6 {[%clk 00:58:19]} {[%emt 00:00:23]} bxc6
{[%clk 01:27:48]} {[%emt 00:00:09]} 14. Bxc5 {[%clk 00:37:33]} {[%emt
00:21:15]} Bg4 {[%clk 01:25:06]} {[%emt 00:03:11]} 15. f3 {[%clk 00:32:49]}
{[%emt 00:05:16]} Be6 {[%clk 01:25:05]} {[%emt 00:00:30]} 16. d4 {[%clk
00:31:39]} {[%emt 00:01:40]} a5 {[%clk 01:21:39]} {[%emt 00:03:56]} 17. e4
{[%clk 00:26:15]} {[%emt 00:05:55]} Rfd8 {[%clk 01:21:04]} {[%emt 00:01:05]}
18. Rf2 {[%clk 00:25:18]} {[%emt 00:01:26]} Bxd4 {[%clk 01:16:31]} {[%emt
00:05:03]} 19. Bxd4 {[%clk 00:23:25]} {[%emt 00:02:23]} Rxd4 {[%clk 01:16:59]}
{[%emt 00:00:03]} 20. Qe1 {[%clk 00:23:21]} {[%emt 00:00:34]} Qc4 {[%clk
01:15:42]} {[%emt 00:01:46]} 21. f4 {[%clk 00:22:52]} {[%emt 00:01:00]} Qa6
{[%clk 01:10:01]} {[%emt 00:06:10]} 22. f5 {[%clk 00:21:45]} {[%emt 00:01:37]}
Bc4 {[%clk 01:09:48]} {[%emt 00:00:43]} 23. e5 {[%clk 00:20:03]} {[%emt
00:02:13]} Rad8 {[%clk 00:56:56]} {[%emt 00:13:21]} 24. h4 {[%clk 00:16:31]}
{[%emt 00:04:02]} Qa7 {[%clk 00:51:18]} {[%emt 00:06:09]} 25. Kh2 {[%clk
00:15:02]} {[%emt 00:01:58]} Rd1 {[%clk 00:48:38]} {[%emt 00:03:10]} 26. Rxd1
{[%clk 00:12:12]} {[%emt 00:03:21]} Rxd1 27. Qxd1 {[%clk 00:12:41]} Qxf2 {[%clk
00:47:42]} {[%emt 00:00:15]} 28. Qd8+ {[%clk 00:07:39]} {[%emt 00:05:31]} Kg7
{[%clk 00:48:10]} {[%emt 00:00:02]} 29. f6+ {[%clk 00:07:17]} {[%emt 00:00:53]}
exf6 {[%clk 00:48:29]} {[%emt 00:00:10]} 30. exf6+ {[%clk 00:07:31]} {[%emt
00:00:16]} Qxf6 {[%clk 00:48:48]} {[%emt 00:00:11]} 31. Qxa5 {[%clk 00:07:57]}
{[%emt 00:00:05]} Bd5 {[%clk 00:46:12]} {[%emt 00:03:05]} 32. Bxd5 {[%clk
00:07:19]} {[%emt 00:01:09]} Qe5 {[%clk 00:46:31]} {[%emt 00:00:09]} 33. Qc5
{[%clk 00:05:04]} {[%emt 00:02:45]} cxd5 {[%clk 00:46:38]} {[%emt 00:00:24]}
34. Kg2 {[%clk 00:05:09]} {[%emt 00:00:25]} Qe4+ {[%clk 00:46:51]} {[%emt
00:00:17]} 35. Kh2 {[%clk 00:05:02]} {[%emt 00:00:37]} h5 {[%clk 00:45:53]}
{[%emt 00:01:28]} 36. Qc3+ {[%clk 00:05:13]} {[%emt 00:00:20]} d4 {[%clk
00:46:03]} {[%emt 00:00:19]} 37. Qd2 {[%clk 00:05:36]} {[%emt 00:00:07]} d3
{[%clk 00:45:47]} {[%emt 00:00:46]} 38. Qc3+ {[%clk 00:05:54]} {[%emt
00:00:12]} Kh7 {[%clk 00:46:07]} {[%emt 00:00:09]} 39. Qf6 {[%clk 00:05:17]}
{[%emt 00:01:08]} Qd5 {[%clk 00:46:08]} {[%emt 00:00:29]} 0-1

[Event "DEM U16 2024"]
[Site "Willingen GER"]
[Date "2024.05.24"]
[Round "8"]
[White "Wunderlich, Elias"]
[Black "Hoppstädter, Daniel"]
[Result "1-0"]
[Termination "normal"]
[Board "5"]
[WhiteElo "2007"]
[BlackElo "2155"]
[WhiteClock "00:09:11"]
[BlackClock "00:11:54"]
[PlyCount "63"]
[WhiteFideId "34608087"]
[BlackFideId "16243625"]
[EventCountry "GER"]
[EventRounds "9"]
[EventType "swiss"]
[EventDate "2024.05.18"]

1. e4 {[%clk 01:30:59]} c6 {[%clk 01:30:53]} {[%emt 00:00:08]} 2. Nc3 {[%clk
01:31:24]} {[%emt 00:00:05]} d5 {[%clk 01:31:16]} {[%emt 00:00:07]} 3. Nf3
{[%clk 01:31:51]} {[%emt 00:00:03]} dxe4 {[%clk 01:31:37]} {[%emt 00:00:09]} 4.
Nxe4 {[%clk 01:32:19]} {[%emt 00:00:02]} Nf6 {[%clk 01:31:56]} {[%emt
00:00:11]} 5. Qe2 {[%clk 01:32:41]} {[%emt 00:00:08]} Nxe4 {[%clk 01:32:20]}
{[%emt 00:00:06]} 6. Qxe4 {[%clk 01:33:09]} {[%emt 00:00:02]} Qa5 {[%clk
01:31:17]} {[%emt 00:01:34]} 7. c3 {[%emt 00:07:20]} Bf5 {[%clk 01:17:48]}
{[%emt 00:13:55]} 8. Qf4 {[%clk 01:26:36]} {[%emt 00:00:15]} e6 {[%clk
01:17:11]} {[%emt 00:01:08]} 9. d4 {[%clk 01:26:00]} {[%emt 00:01:05]} Nd7
{[%clk 01:11:54]} {[%emt 00:05:48]} 10. Nd2 {[%clk 01:17:36]} {[%emt 00:08:55]}
Nf6 {[%clk 01:04:53]} {[%emt 00:07:30]} 11. Nc4 {[%clk 01:17:22]} {[%emt
00:00:45]} Qd8 {[%clk 01:05:11]} {[%emt 00:00:12]} 12. a4 {[%clk 01:17:00]}
{[%emt 00:00:52]} Be7 {[%clk 01:03:35]} {[%emt 00:02:06]} 13. Be2 {[%clk
01:17:01]} {[%emt 00:00:29]} O-O {[%clk 01:02:40]} {[%emt 00:01:24]} 14. O-O
{[%clk 01:08:22]} {[%emt 00:09:10]} Rc8 {[%clk 01:00:23]} {[%emt 00:02:47]} 15.
Qg3 {[%clk 01:02:37]} {[%emt 00:06:15]} c5 {[%clk 00:47:24]} {[%emt 00:13:29]}
16. Rd1 {[%clk 01:00:57]} {[%emt 00:02:09]} Ne4 {[%clk 00:24:29]} {[%emt
00:23:26]} 17. Qf3 {[%clk 01:01:09]} {[%emt 00:00:18]} Qc7 {[%clk 00:23:22]}
{[%emt 00:01:38]} 18. Bf4 {[%clk 01:00:21]} {[%emt 00:01:17]} Qc6 {[%clk
00:22:27]} {[%emt 00:01:26]} 19. Ne5 {[%clk 01:00:22]} {[%emt 00:00:30]} Qb6
{[%clk 00:22:36]} {[%emt 00:00:21]} 20. g4 {[%clk 00:56:47]} {[%emt 00:04:05]}
Qxb2 {[%clk 00:22:33]} {[%emt 00:00:33]} 21. Nd3 {[%clk 00:41:29]} {[%emt
00:15:47]} Bxg4 {[%clk 00:18:23]} {[%emt 00:04:40]} 22. Qxg4 {[%clk 00:41:27]}
{[%emt 00:00:32]} Qxc3 {[%clk 00:18:52]} {[%emt 00:00:02]} 23. Be5 {[%clk
00:35:53]} {[%emt 00:06:03]} Nf6 {[%clk 00:18:59]} {[%emt 00:00:22]} 24. Qg2
{[%clk 00:25:20]} {[%emt 00:11:04]} Qc2 {[%clk 00:16:26]} {[%emt 00:03:03]} 25.
Kf1 {[%clk 00:21:22]} {[%emt 00:04:28]} b6 {[%clk 00:15:42]} {[%emt 00:01:15]}
26. Rdc1 {[%clk 00:20:18]} {[%emt 00:01:34]} Qd2 {[%clk 00:15:25]} {[%emt
00:00:47]} 27. a5 {[%clk 00:15:19]} {[%emt 00:05:29]} c4 {[%clk 00:14:14]}
{[%emt 00:01:42]} 28. Bf4 {[%clk 00:14:46]} {[%emt 00:01:02]} Qxa5 {[%clk
00:11:20]} {[%emt 00:03:25]} 29. Rxa5 {[%clk 00:15:06]} {[%emt 00:00:09]} cxd3
{[%clk 00:11:49]} {[%emt 00:00:01]} 30. Rxc8 {[%clk 00:09:09]} {[%emt
00:06:27]} Rxc8 {[%clk 00:11:33]} {[%emt 00:00:45]} 31. Bxd3 {[%clk 00:08:49]}
{[%emt 00:00:49]} bxa5 {[%clk 00:11:54]} {[%emt 00:00:10]} 32. Qb7 {[%clk
00:09:11]} {[%emt 00:00:07]} 1-0